000 00334 a2200133 4500
003 OSt
005 20180116182722.0
008 160817b xxu||||| |||| 00| 0 eng d
040 _c0
100 _aProf S.M.A. Sayeed
245 _aIran Before and After Khomeini
260 _aRoyal Book Company
_c1999
942 _aNBS
_cBK
_k955 SAY
_2ddc
999 _c344736
_d344736